[Event "CZE-ch Youth B16 2022"]
[Site "Luhacovice"]
[Date "2022.03.13"]
[Round "2.4"]
[White "Dedek, Jan"]
[Black "Paseka, Matyas"]
[Result "0-1"]
[WhiteElo "1963"]
[BlackElo "2058"]
[Annotator "NA"]
[PlyCount "60"]
[EventDate "2022.03.12"]
[EventType "swiss"]
[EventCountry "CZE"]
[SourceTitle "playchess.com"]
[Source "ChessBase"]
[SourceQuality "1"]
[TimeControl "40/5400+30:1800+30"]

1. d4 {[%emt 0:00:18]} Nf6 {[%emt 0:00:06]} 2. c4 {[%emt 0:00:07]} g6 {[%emt 0:00:06]} 3. Nf3 {[%emt 0:00:53]} Bg7 {[%emt 0:00:07]} 4. g3 {[%emt 0:00:09]} O-O {[%emt 0:00:07]} 5. Bg2 {[%emt 0:00:04]} d6 {[%emt 0:00:10]} 6. Nc3 {[%emt 0:00:27]} Nc6 {[%emt 0:00:14]} 7. O-O {[%emt 0:00:12]} Bf5 {[%emt 0:00:10]} 8. Nh4 {[%emt 0:13:40]} Bd7 {[%emt 0:00:09]} 9. Nf3 {[%emt 0:00:39]} a6 {[%emt 0:00:26]} 10. h3 {[%emt 0:09:33]} Qc8 {[%emt 0:07:21]} 11. Kh2 {[%emt 0:00:09]} Rb8 {[%emt 0:00:09]} 12. e4 {[%emt 0:03:03]} e5 {[%emt 0:00:29]} 13. Be3 $11 {[%emt 0:03:52]} Re8 {[%emt 0:05:59]} 14. Rc1 {[%emt 0:04:25]} b5 15. cxb5 axb5 {[%emt 0:18:12]} 16. dxe5 {[%emt 0:02:50]} dxe5 {[%emt 0:05:22]} 17. Nd2 {[%emt 0:03:14]} Rd8 {[%emt 0:18:08]} 18. Nd5 {[%emt 0:04:57]} Nxd5 {[%emt 0:01:31]} 19. exd5 {[%emt 0:00:06]} Nd4 {[%emt 0:00:10]} 20. Nb3 {[%emt 0:01:35]} Nf5 {[%emt 0:07:22]} 21. Bc5 {[%emt 0:04:13]} Qa6 {[%emt 0:03:15]} 22. a3 {[%emt 0:00:40]} Nd6 {[%emt 0:13:17]} 23. Bb4 {[%emt 0:04:19]} Qa7 {[%emt 0:01:24]} 24. Qc2 {[%emt 0:04:13]} Nc4 {[%emt 0:01:58]} 25. Nd2 {[%emt 0:03:01]} Bf5 {[%emt 0:00:31]} 26. Qb3 {[%emt 0:03:31]} c5 {[%emt 0:02:13]} 27. Nxc4 {[%emt 0:03:24]} bxc4 {[%emt 0:00:22]} 28. Qe3 {[%emt 0:00:05]} Bd3 {[%emt 0:02:14]} 29. Rfd1 {[%emt 0:01:12]} e4 {[%emt 0:07:52]} 30. Rd2 {[%emt 0:06:12]} Bd4 {[%emt 0:00:18]} 0-1

[Event "CZE-ch Youth B16 2022"]
[Site "Luhacovice"]
[Date "2022.03.13"]
[Round "2.5"]
[White "Janous, Marek"]
[Black "Bezdek, Tomas"]
[Result "1/2-1/2"]
[WhiteElo "2056"]
[BlackElo "1855"]
[Annotator "NA"]
[PlyCount "101"]
[EventDate "2022.03.12"]
[EventType "swiss"]
[EventCountry "CZE"]
[SourceTitle "playchess.com"]
[Source "ChessBase"]
[SourceQuality "1"]
[TimeControl "40/5400+30:1800+30"]

1. e4 {[%emt 0:00:47]} c5 {[%emt 0:00:08]} 2. Nf3 {[%emt 0:00:12]} Nc6 {[%emt 0:00:07]} 3. Bb5 {[%emt 0:00:33]} Nd4 {[%emt 0:01:15]} 4. Nxd4 {[%emt 0:02:10]} cxd4 {[%emt 0:00:03]} 5. O-O {[%emt 0:04:02]} a6 {[%emt 0:11:30]} 6. Bc4 {[%emt 0:07:44]} e6 {[%emt 0:06:18]} 7. a4 d5 {[%emt 0:00:13]} 8. exd5 {[%emt 0:02:54]} exd5 {[%emt 0:06:32]} 9. Bb3 $11 Bd6 10. Re1+ {[%emt 0:07:02]} Ne7 {[%emt 0:02:21]} 11. d3 {[%emt 0:02:27]} O-O {[%emt 0:01:57]} 12. Bg5 {[%emt 0:00:41]} f6 {[%emt 0:12:52]} 13. Bh4 {[%emt 0:03:28]} Bb4 {[%emt 0:04:33]} 14. c3 {[%emt 0:05:17]} Ba5 {[%emt 0:03:18]} 15. Qf3 {[%emt 0:05:39]} Kh8 {[%emt 0:02:26]} 16. Bg3 {[%emt 0:06:15]} dxc3 {[%emt 0:06:07]} 17. bxc3 {[%emt 0:10:43]} d4 {[%emt 0:00:46]} 18. Rc1 {[%emt 0:04:10]} Qb6 {[%emt 0:04:09]} 19. Qd1 {[%emt 0:02:31]} Nf5 {[%emt 0:06:08]} 20. Bf4 {[%emt 0:08:18]} Re8 {[%emt 0:05:21]} 21. Bd2 {[%emt 0:03:23]} dxc3 {[%emt 0:02:27]} 22. Nxc3 {[%emt 0:03:15]} Nd4 {[%emt 0:12:23]} 23. Rab1 {[%emt 0:08:16]} Qd8 {[%emt 0:00:11]} 24. Be3 {[%emt 0:01:54]} Bf5 {[%emt 0:03:09]} 25. Bc4 {[%emt 0:01:39]} Bxc3 {[%emt 0:02:04]} 26. Rxc3 {[%emt 0:00:07]} Rb8 {[%emt 0:04:02]} 27. h3 {[%emt 0:03:56]} Nc6 {[%emt 0:01:41]} 28. Rcb3 {[%emt 0:00:51]} Qd7 {[%emt 0:00:46]} 29. Bf4 {[%emt 0:00:57]} Ne5 {[%emt 0:01:00]} 30. Bxa6 {[%emt 0:04:46]} Qxa4 {[%emt 0:00:49]} 31. Bxe5 {[%emt 0:00:05]} Rxe5 {[%emt 0:00:32]} 32. Rxb7 {[%emt 0:01:03]} Qxd1+ {[%emt 0:00:29]} 33. Rxd1 {[%emt 0:00:07]} Rxb7 {[%emt 0:00:41]} 34. Bxb7 {[%emt 0:00:08]} Re7 {[%emt 0:00:27]} 35. Bf3 {[%emt 0:01:06]} Rd7 {[%emt 0:00:26]} 36. d4 {[%emt 0:00:05]} Kg8 {[%emt 0:00:09]} 37. d5 {[%emt 0:00:37]} Rd6 {[%emt 0:00:16]} 38. Kf1 {[%emt 0:00:19]} Kf7 {[%emt 0:00:25]} 39. Ke2 {[%emt 0:01:40]} Ke7 {[%emt 0:00:17]} 40. Ra1 {[%emt 0:00:39]} Bd7 {[%emt 0:01:31]} 41. Kd3 {[%emt 0:02:44]} Rb6 {[%emt 0:00:23]} 42. Kc3 {[%emt 0:01:45]} Kd6 {[%emt 0:03:32]} 43. Ra8 {[%emt 0:00:47]} g5 {[%emt 0:03:10]} 44. Rf8 {[%emt 0:03:53]} Ke7 {[%emt 0:00:54]} 45. Rh8 {[%emt 0:00:38]} Bf5 {[%emt 0:00:41]} 46. Ra8 {[%emt 0:01:42]} Kd6 {[%emt 0:02:15]} 47. Kc4 {[%emt 0:01:45]} Rb2 {[%emt 0:04:12]} 48. Ra6+ {[%emt 0:05:37]} Ke5 {[%emt 0:02:00]} 49. Ra5 {[%emt 0:09:54]} Kd6 {[%emt 0:10:46]} 50. Ra6+ {[%emt 0:02:05]} Ke5 {[%emt 0:00:06]} 51. Ra5 {[%emt 0:04:18]} 1/2-1/2

[Event "CZE-ch Youth B16 2022"]
[Site "Luhacovice"]
[Date "2022.03.13"]
[Round "2.6"]
[White "Kubiczek, Michal"]
[Black "Mametev, Artem"]
[Result "1-0"]
[WhiteElo "1720"]
[BlackElo "1848"]
[Annotator "NA"]
[PlyCount "141"]
[EventDate "2022.03.12"]
[EventType "swiss"]
[EventCountry "CZE"]
[SourceTitle "playchess.com"]
[Source "ChessBase"]
[SourceQuality "1"]
[TimeControl "40/5400+30:1800+30"]

1. d4 {[%emt 0:00:08]} Nf6 {[%emt 0:00:02]} 2. c4 {[%emt 0:00:06]} g6 {[%emt 0:00:03]} 3. Nc3 {[%emt 0:00:14]} Bg7 {[%emt 0:00:03]} 4. e4 {[%emt 0:00:32]} d6 {[%emt 0:00:03]} 5. Nf3 {[%emt 0:00:05]} O-O {[%emt 0:00:06]} 6. Be2 {[%emt 0:00:03]} e5 {[%emt 0:00:09]} 7. O-O {[%emt 0:02:32]} Nc6 {[%emt 0:00:06]} 8. d5 {[%emt 0:00:31]} Ne7 $1 {[%emt 0:00:08]} 9. b4 {[%emt 0:01:15]} Nh5 {[%emt 0:04:55]} 10. g3 {[%emt 0:09:16]} f5 {[%emt 0:04:19]} 11. Ng5 {[%emt 0:01:00]} Nf6 {[%emt 0:00:24]} 12. f3 {[%emt 0:01:44]} c6 {[%emt 0:06:47]} 13. Be3 $11 {[%emt 0:08:40]} Bh6 {[%emt 0:04:40]} 14. Qd2 {[%emt 0:08:41]} cxd5 {[%emt 0:02:50]} 15. Nxd5 {[%emt 0:18:08]} Nexd5 {[%emt 0:01:16]} 16. cxd5 {[%emt 0:05:14]} Nh5 {[%emt 0:06:38]} 17. Ne6 {[%emt 0:01:34]} Bxe3+ {[%emt 0:00:05]} 18. Qxe3 {[%emt 0:00:04]} Bxe6 {[%emt 0:00:22]} 19. dxe6 {[%emt 0:00:01]} f4 {[%emt 0:04:13]} 20. Qb3 {[%emt 0:02:51]} Kh8 {[%emt 0:02:44]} 21. g4 {[%emt 0:04:36]} Ng7 {[%emt 0:01:08]} 22. Kh1 {[%emt 0:01:27]} Qe7 {[%emt 0:01:50]} 23. Bc4 {[%emt 0:02:11]} Rfe8 {[%emt 0:02:57]} 24. Bb5 {[%emt 0:01:57]} Red8 {[%emt 0:14:56]} 25. Bd7 {[%emt 0:01:28]} Ne8 {[%emt 0:00:21]} 26. Rac1 {[%emt 0:00:59]} Nf6 {[%emt 0:02:10]} 27. Rc7 {[%emt 0:01:48]} Nxd7 {[%emt 0:02:36]} 28. Rxb7 {[%emt 0:00:45]} Qe8 {[%emt 0:01:16]} 29. Rxd7 {[%emt 0:01:25]} Rxd7 {[%emt 0:00:07]} 30. exd7 {[%emt 0:00:03]} Qxd7 {[%emt 0:00:10]} 31. Qd5 {[%emt 0:00:23]} Rc8 {[%emt 0:01:18]} 32. Rd1 {[%emt 0:00:28]} Qc6 {[%emt 0:06:43]} 33. Qxd6 {[%emt 0:02:14]} Qxd6 {[%emt 0:00:13]} 34. Rxd6 {[%emt 0:00:01]} Rc1+ {[%emt 0:00:13]} 35. Kg2 {[%emt 0:00:01]} Rc2+ {[%emt 0:00:07]} 36. Kg1 {[%emt 0:00:27]} Rxa2 {[%emt 0:00:16]} 37. Rd5 {[%emt 0:00:09]} Ra1+ {[%emt 0:00:57]} 38. Kg2 {[%emt 0:01:09]} Ra2+ {[%emt 0:00:07]} 39. Kh3 {[%emt 0:00:50]} Ra3 {[%emt 0:01:24]} 40. g5 {[%emt 0:02:36]} Rxf3+ {[%emt 0:05:31]} 41. Kg4 {[%emt 0:32:13]} Rb3 {[%emt 0:31:41]} 42. b5 {[%emt 0:04:19]} Rb2 {[%emt 0:06:27]} 43. Rxe5 {[%emt 0:00:57]} Rxh2 {[%emt 0:00:06]} 44. Re8+ {[%emt 0:00:27]} Kg7 {[%emt 0:01:36]} 45. Re7+ {[%emt 0:00:07]} Kf8 {[%emt 0:00:28]} 46. Rxa7 {[%emt 0:00:05]} Rb2 {[%emt 0:04:31]} 47. Rb7 {[%emt 0:00:51]} Ke8 {[%emt 0:01:35]} 48. b6 {[%emt 0:02:02]} Kd8 {[%emt 0:01:55]} 49. Rb8+ {[%emt 0:00:53]} Kd7 {[%emt 0:00:08]} 50. Kxf4 {[%emt 0:01:33]} Rb5 {[%emt 0:00:32]} 51. Rb7+ {[%emt 0:03:58]} Kc8 {[%emt 0:02:43]} 52. Rxh7 {[%emt 0:00:46]} Rxb6 {[%emt 0:00:23]} 53. Rf7 {[%emt 0:00:30]} Kd8 {[%emt 0:01:37]} 54. Rf6 {[%emt 0:00:06]} Rb1 {[%emt 0:00:06]} 55. Rxg6 {[%emt 0:00:43]} Ke7 {[%emt 0:00:05]} 56. Kf5 {[%emt 0:00:26]} Rf1+ {[%emt 0:02:10]} 57. Ke5 {[%emt 0:00:35]} Rg1 {[%emt 0:00:49]} 58. Rg7+ {[%emt 0:00:51]} Kf8 {[%emt 0:00:05]} 59. Kf6 {[%emt 0:00:29]} Rf1+ {[%emt 0:03:14]} 60. Kg6 {[%emt 0:00:08]} Rf4 {[%emt 0:01:42]} 61. e5 {[%emt 0:00:50]} Re4 {[%emt 0:00:34]} 62. Rf7+ {[%emt 0:02:00]} Ke8 {[%emt 0:00:16]} 63. Kg7 {[%emt 0:02:07]} Rxe5 {[%emt 0:00:44]} 64. g6 {[%emt 0:00:18]} Re1 {[%emt 0:00:54]} 65. Kg8 {[%emt 0:00:20]} Rg1 {[%emt 0:00:32]} 66. g7 {[%emt 0:00:25]} Ra1 {[%emt 0:01:48]} 67. Rf2 {[%emt 0:01:00]} Ke7 {[%emt 0:01:21]} 68. Rg2 {[%emt 0:04:03]} Kf6 {[%emt 0:00:18]} 69. Rb2 {[%emt 0:01:01]} Rc1 {[%emt 0:00:00]} 70. Rb6+ {[%emt 0:00:00]} Ke7 {[%emt 0:00:00]} 71. Kh7 1-0

[Event "CZE-ch Youth B16 2022"]
[Site "Luhacovice"]
[Date "2022.03.13"]
[Round "2.7"]
[White "Hak, David"]
[Black "Vaclavik, Jan"]
[Result "1/2-1/2"]
[WhiteElo "2132"]
[BlackElo "1997"]
[Annotator "TA"]
[PlyCount "236"]
[EventDate "2022.03.12"]
[EventType "swiss"]
[EventCountry "CZE"]
[SourceTitle "playchess.com"]
[Source "ChessBase"]
[SourceQuality "1"]

{[%evp 13,236,58,58,30,33,30,37,16,22,-54,-25,-27,-16,-94,-14,-28,32,-54,-59,-59,-48,-68,-20,-111,-9,-18,29,7,0,-26,102,99,99,38,36,44,52,0,76,81,81,84,145,139,269,262,262,260,254,224,254,252,229,227,260,296,306,305,306,306,306,306,274,284,273,217,215,77,83,20,255,77,102,83,619,0,407,436,400,385,318,0,454,460,720,669,912,928,941,928,829,0,0,0,0,0,0,0,567,436,391,246,556,539,529,512,464,429,485,272,217,18,18,21,16,15,22,0,0,0,0,0,0,0,2,8,8,0,15,0,0,0,0,0,0,0,0,0,0,0,0,0,0,0,0,0,0,0,0,0,0,0,0,0,0,0,0,0,0,0,14,0,12,12,20,20,20,20,20,20,29970,29971,29957,1465,1307,15,16,0,0,0,14,0,0,0,0,0,0,0,0,0,0,0,0,0,0,0,0,0,0,0,0,0,0,0,0,0,0,0,0,0,0,0,0,0,0,0,0,0,0,0,0,0,0,0,0]} 1. d4 Nf6 2. c4 g6 3. Nc3 Bg7 4. e4 d6 5. Be2 O-O 6. Be3 e5 7. d5 Nbd7 8. Qd2 {E73: King's Indian: Averbakh Variation without 6...c5.} Nc5 9. f3 Nh5 10. b4 {[#] White is slightly better.} Nd7 $146 ({Predecessor:} 10... Na6 11. c5 Nxb4 12. a3 Na6 13. Bxa6 bxa6 14. Nge2 a5 15. Nb5 f5 16. O-O a6 17. Qxa5 fxe4 18. fxe4 {0-1 (30) Facchetti,L (1921)-Ager,J (2147) Arco 2019}) 11. c5 (11. Nh3 $11) 11... f5 {Black wants to play ...a5.} 12. cxd6 cxd6 13. Bd3 (13. Nh3 $11) 13... Ndf6 ({Black should play} 13... Nf4 $17 {Threatens to win with ...Nb6.} 14. Bf1 fxe4 15. fxe4 a5) 14. Nge2 $11 Rf7 (14... Nf4 $11 15. Nxf4 exf4) 15. O-O (15. exf5 $14 Bxf5 16. O-O) 15... f4 $1 $15 16. Bf2 g5 17. h3 Bf8 (17... Bh6 $15) 18. Rfc1 (18. Kh1 $11) 18... Ng7 (18... g4 $1 $17 {[%cal Rg4f3]} 19. hxg4 Bxg4) 19. Nb5 h5 (19... a6 $142 20. Nbc3 Nd7) 20. Nxa7 $11 (20. Bxa7 b6 $15) 20... Bd7 21. Nb5 Nfe8 {Inhibits Rc7.} (21... g4 $11) 22. Kf1 $36 {[%mdl 2048] Keeping Black busy. White is much more active.} g4 23. hxg4 (23. Ng1 $1 $16) 23... hxg4 $14 24. a4 Nh5 25. Ke1 ({White should try} 25. Nec3 $14) 25... Ng3 (25... g3 $1 $11 {remains equal.} 26. Ba7 Rxa7 $1 27. Nxa7 Qb6) 26. Kd1 $16 (26. Nxg3 fxg3 27. Bxg3 gxf3 28. gxf3 Rxf3 $15) 26... Rh7 27. Kc2 (27. Nxg3 fxg3 28. Bxg3 gxf3 29. gxf3 Bh6 $17) 27... Rh2 (27... Nxe2 $142 28. Qxe2 Rh2) 28. Nxg3 fxg3 (28... Rxg2 $16 29. Nh1 g3) 29. Bxg3 $18 Bh6 30. f4 (30. Bxh2 $2 Bxd2 31. Kxd2 gxf3 32. gxf3 Qg5+ 33. Kc3 Rc8+ 34. Kb3 Rxc1 $19) 30... Bxf4 31. Bxf4 exf4 32. Qxf4 Rxg2+ 33. Kb3 $1 {e5 is the strong threat. The board is on fire.} Qe7 {Inhibits e5.} 34. Bf1 Rg1 35. Qh2 Rxf1 36. Rxf1 Bxb5 37. axb5 Rxa1 38. Rxa1 Qxe4 {[%mdl 4096] Endgame KQR-KQN} 39. Qd2 {Prevents Qd3+.} Nf6 40. Rd1 (40. Rf1 $18 {and White stays clearly on top. aiming for Qg5+.} Kf7 41. Qf2 (41. Qc3 Qxd5+ 42. Qc4 Qe6 $16) 41... Qxd5+ 42. Ka4) 40... Kf7 $16 41. Ka4 (41. Rf1 $16) 41... Qc4 $2 (41... b6 $1 $11 {and Black has nothing to worry.}) 42. Qf2 $2 (42. Rc1 $18 Qe4 43. Rf1) 42... Qc3 43. Qf5 {Black must now prevent Rf1.} Qb2 $2 {[%mdl 8192]} (43... b6 $16) 44. Rd3 $2 (44. Qe6+ Kg6 45. Rd3 Qa2+ 46. Ra3 Qf2 $11) (44. Ka5 $1 $18 {[%cal Ra5b6]}) 44... Kg7 $2 {[%mdl 8192]} (44... b6 $11) 45. Ka5 $18 {Hoping for Rd1.} Qb1 {Inhibits Rd1.} 46. Qg5+ Kf7 47. Ra3 (47. Qf5 Qg1 48. Ka4 Qa1+ 49. Ra3 Qd1+ 50. Ka5 Qd4 $14) (47. Qd2 $18) 47... Qg1 {[%mdl 8192] [#]} (47... Qb2 $11 48. Rd3 Qc2) 48. Qe3 $1 (48. Re3 Qf2 $11) 48... Qf1 (48... Qxe3 $2 49. Rxe3 Kg6 50. Rg3) (48... Qh2 $142 49. Ra1 Qc2 50. Qe6+ Kg7 51. Qxd6 Qf2) 49. Qe6+ Kg7 50. Qxd6 Qc1 51. Rg3 Qc8 52. Ka4 $2 (52. Kb6 $18) 52... Qc2+ $1 $11 53. Rb3 $2 {[%mdl 8192]} ({Don't take} 53. Ka5 $6 Qf2 54. Qc7+ Kg6 $16) (53. Ka3 $11 Qc1+ 54. Ka4 Qd1+ 55. Ka5) 53... Qa2+ $18 54. Ra3 Qc2+ 55. Ka5 Qc1 $1 56. Qe7+ Kg6 57. Qe3 Qc7+ (57... b6+ 58. Ka4 Qd1+ 59. Qb3 Qxd5 60. Qxd5 Nxd5) 58. b6 Qd8 59. Qd3+ Kg5 60. d6 Qa8+ 61. Kb5 Qe8+ 62. Kc5 $2 (62. d7 $18 Nxd7 63. Qe3+ (63. Qd2+ Kf5 $11) 63... Qxe3 64. Rxe3) 62... Qc6+ $11 63. Kd4 Qxd6+ 64. Kc3 Nd5+ 65. Kb3 Qxb4+ 66. Ka2 Nf6 67. Qe3+ Kg6 68. Rb3 Qa5+ 69. Kb2 Qd5 70. Qc3 Qg2+ 71. Ka3 Qf2 72. Qc7 Qg2 73. Rd3 Qe4 74. Rc3 Qd5 75. Ka4 Qe4+ 76. Rc4 Qf3 77. Rc3 Qe4+ 78. Kb5 Qd5+ 79. Kb4 Qe4+ 80. Kb3 Qb1+ (80... Nd5 $5 81. Qd6+ Kh5 $11) 81. Ka4 Qa2+ 82. Ra3 Qd5 83. Qc2+ Ne4 84. Rb3 (84. Qd3 Qxd3 85. Rxd3 Nc5+ 86. Kb5 Nxd3 87. Kc4 {[#]} g3 $1 88. Kxd3 g2 89. Ke4 g1=Q 90. Ke5 Qd1 91. Ke4 Kf6 92. Ke3 Ke5 93. Kf2 Kf4 94. Kg2 Qc2+ 95. Kh1 Kg3 96. Kg1 Qg2#) 84... Qf5 85. Rb5 {Prevents Nc5+.} Qe6 86. Qd3 Kf7 87. Rh5 Qc6+ 88. Ka3 Qd6+ 89. Qxd6 Nxd6 {KR-KN} 90. Rg5 Nc4+ 91. Kb4 Ne3 $2 {[%mdl 8192]} (91... Nxb6 $11 92. Rxg4 Nd7) 92. Re5 Nd1 93. Re1 (93. Re4 $142 g3 94. Rg4 Nf2 95. Rxg3 Ne4 96. Re3 Nf6 97. Kc5 Ne8 98. Rh3) 93... Nf2 $18 94. Rg1 $2 (94. Kc4 $18 Kf6 95. Kd4) 94... Ke6 $11 {The position is equal.} 95. Kb5 Kf5 96. Kc5 Ke5 97. Kc4 Kf4 98. Kd5 Nd3 99. Kd6 Nb4 100. Rb1 Nd3 101. Kc7 Ne5 $1 102. Rd1 Ke4 103. Re1+ Kf4 104. Rd1 Ke4 105. Kxb7 Nc4 106. Kc6 Nxb6 107. Kxb6 {KR-KP} Kf3 108. Kc5 g3 109. Kd4 Ke2 110. Ra1 g2 111. Ke4 Kf2 112. Ra2+ Kg1 113. Ra8 Kf2 $1 114. Ra2+ Kg1 115. Kf3 {Threatening mate with Ra1+.} Kh1 116. Ra6 {Intending Rh6+ and mate.} g1=Q {( -> ...Qf1+)} 117. Rh6+ Qh2 118. Rxh2+ Kxh2 {Weighted Error Value: White=0.64/Black=0.69} 1/2-1/2

[Event "CZE-ch Youth B16 2022"]
[Site "Luhacovice"]
[Date "2022.03.13"]
[Round "2.8"]
[White "Zezula, Jakub"]
[Black "Oborny, Stanislav"]
[Result "0-1"]
[WhiteElo "1891"]
[BlackElo "1674"]
[Annotator "NA"]
[PlyCount "62"]
[EventDate "2022.03.12"]
[EventType "swiss"]
[EventCountry "CZE"]
[SourceTitle "playchess.com"]
[Source "ChessBase"]
[SourceQuality "1"]
[TimeControl "40/5400+30:1800+30"]

1. e4 {[%emt 0:00:06]} e5 {[%emt 0:00:21]} 2. Nf3 {[%emt 0:00:30]} Nf6 {[%emt 0:02:00]} 3. Nxe5 {[%emt 0:01:13]} d6 {[%emt 0:00:09]} 4. Nf3 {[%emt 0:00:04]} Nxe4 {[%emt 0:00:08]} 5. d4 {[%emt 0:00:31]} d5 {[%emt 0:02:50]} 6. Bd3 {[%emt 0:00:31]} Nc6 {[%emt 0:07:13]} 7. O-O {[%emt 0:02:00]} Be7 {[%emt 0:04:17]} 8. Re1 {[%emt 0:05:22]} Bf5 $14 {[%emt 0:02:51]} 9. Nc3 {[%emt 0:18:00]} Nxc3 {[%emt 0:02:41]} 10. bxc3 {[%emt 0:00:01]} Bxd3 {[%emt 0:10:18]} 11. Qxd3 {[%emt 0:02:37]} O-O {[%emt 0:00:28]} 12. Rb1 {[%emt 0:01:32]} b6 {[%emt 0:04:34]} 13. Qf5 {[%emt 0:06:44]} h6 {[%emt 0:17:04]} 14. Rb5 {[%emt 0:06:57]} Bd6 {[%emt 0:05:40]} 15. Qg4 {[%emt 0:16:12]} Kh8 {[%emt 0:03:04]} 16. Qh5 {[%emt 0:02:08]} Ne7 {[%emt 0:05:56]} 17. Bxh6 {[%emt 0:01:50]} Kg8 {[%emt 0:04:58]} 18. Bd2 {[%emt 0:09:14]} Qd7 {[%emt 0:02:33]} 19. Ng5 {[%emt 0:09:23]} Qf5 {[%emt 0:00:49]} 20. g4 {[%emt 0:05:29]} Qg6 {[%emt 0:09:14]} 21. Qh4 {[%emt 0:02:48]} f6 {[%emt 0:03:43]} 22. Ne6 {[%emt 0:02:07]} Qxc2 {[%emt 0:02:17]} 23. Nxf8 {[%emt 0:00:38]} Qxd2 {[%emt 0:00:11]} 24. Rxe7 {[%emt 0:00:23]} Bxe7 {[%emt 0:01:01]} 25. Ng6 {[%emt 0:00:57]} Qe1+ {[%emt 0:00:12]} 26. Kg2 {[%emt 0:00:51]} Qe4+ {[%emt 0:00:06]} 27. f3 {[%emt 0:00:16]} Qxg6 {[%emt 0:00:26]} 28. Rxd5 {[%emt 0:00:04]} Qc2+ {[%emt 0:01:39]} 29. Kh3 {[%emt 0:00:57]} Bd6 {[%emt 0:01:08]} 30. Rxd6 {[%emt 0:00:20]} cxd6 {[%emt 0:00:08]} 31. Kg3 {[%emt 0:00:05]} Qxc3 {[%emt 0:00:38]} 0-1

[Event "CZE-ch Youth B16 2022"]
[Site "Luhacovice"]
[Date "2022.03.13"]
[Round "2.9"]
[White "Zrubek, Adam"]
[Black "Pelc, Adam"]
[Result "1/2-1/2"]
[WhiteElo "1661"]
[BlackElo "1811"]
[Annotator "NA"]
[PlyCount "89"]
[EventDate "2022.03.12"]
[EventType "swiss"]
[EventCountry "CZE"]
[SourceTitle "playchess.com"]
[Source "ChessBase"]
[SourceQuality "1"]
[TimeControl "40/5400+30:1800+30"]

1. e4 {[%emt 0:00:03]} c5 {[%emt 0:00:18]} 2. Nf3 {[%emt 0:00:16]} Nc6 {[%emt 0:00:33]} 3. d4 {[%emt 0:00:40]} cxd4 {[%emt 0:00:10]} 4. Nxd4 {[%emt 0:00:30]} Nf6 $11 {[%emt 0:00:45]} 5. Nc3 {[%emt 0:05:37]} e5 {[%emt 0:01:51]} 6. Ndb5 {[%emt 0:01:05]} d6 {[%emt 0:00:22]} 7. Nd5 {[%emt 0:00:30]} Nxd5 {[%emt 0:02:10]} 8. exd5 {[%emt 0:00:25]} Ne7 {[%emt 0:01:40]} 9. c4 {[%emt 0:01:38]} Ng6 {[%emt 0:06:29]} 10. Bd3 {[%emt 0:05:38]} Be7 {[%emt 0:03:45]} 11. O-O {[%emt 0:02:19]} O-O {[%emt 0:04:00]} 12. Kh1 {[%emt 0:16:21]} a6 {[%emt 0:02:31]} 13. Nc3 {[%emt 0:00:25]} f5 {[%emt 0:00:17]} 14. f4 {[%emt 0:03:48]} e4 {[%emt 0:05:41]} 15. Be2 {[%emt 0:06:58]} Bf6 {[%emt 0:01:54]} 16. Be3 {[%emt 0:01:32]} b6 {[%emt 0:08:15]} 17. Bd4 {[%emt 0:04:42]} Rb8 {[%emt 0:01:59]} 18. b4 {[%emt 0:04:45]} Bd7 {[%emt 0:18:13]} 19. Rc1 {[%emt 0:03:15]} Rc8 {[%emt 0:14:50]} 20. Qd2 {[%emt 0:05:24]} a5 {[%emt 0:05:45]} 21. a3 {[%emt 0:05:30]} Re8 {[%emt 0:04:56]} 22. Qe3 {[%emt 0:03:43]} Bxd4 {[%emt 0:00:27]} 23. Qxd4 {[%emt 0:00:28]} axb4 {[%emt 0:00:57]} 24. axb4 {[%emt 0:01:19]} Qc7 {[%emt 0:00:19]} 25. g3 {[%emt 0:07:14]} Ra8 {[%emt 0:03:43]} 26. Ra1 {[%emt 0:02:36]} Ne7 {[%emt 0:01:52]} 27. Rfc1 {[%emt 0:03:50]} Rec8 {[%emt 0:00:43]} 28. Nd1 {[%emt 0:02:52]} Qb7 {[%emt 0:02:12]} 29. Ne3 {[%emt 0:02:11]} Rxa1 {[%emt 0:03:40]} 30. Rxa1 {[%emt 0:00:33]} Ra8 {[%emt 0:00:58]} 31. Kg2 {[%emt 0:06:35]} Rxa1 {[%emt 0:00:36]} 32. Qxa1 {[%emt 0:00:09]} b5 {[%emt 0:01:08]} 33. Qa5 {[%emt 0:03:20]} Kf7 {[%emt 0:01:57]} 34. Kf2 {[%emt 0:00:40]} bxc4 {[%emt 0:00:50]} 35. Bxc4 {[%emt 0:00:26]} Nc8 {[%emt 0:00:36]} 36. b5 {[%emt 0:00:33]} Nb6 {[%emt 0:00:20]} 37. Bb3 {[%emt 0:00:27]} Ke7 {[%emt 0:00:52]} 38. Qc3 {[%emt 0:00:32]} Kf7 {[%emt 0:00:10]} 39. Qb4 {[%emt 0:00:30]} Qc7 {[%emt 0:00:44]} 40. Nc4 {[%emt 0:00:31]} Nxc4 {[%emt 0:00:41]} 41. Bxc4 {[%emt 0:03:15]} Qb6+ {[%emt 0:01:43]} 42. Kg2 {[%emt 0:02:30]} h6 {[%emt 0:00:51]} 43. Qa3 {[%emt 0:04:03]} Qc7 {[%emt 0:21:14]} 44. Qb3 {[%emt 0:02:39]} Qb6 {[%emt 0:01:50]} 45. Qa3 {[%emt 0:00:37]} 1/2-1/2